Epicurus, the extant remains / (Record no. 841925)

MARC details
000 -LEADER
fixed length control field 00887nam a2200313 a 4500
001 - CONTROL NUMBER
control field vtls001375388
003 - CONTROL NUMBER IDENTIFIER
control field NLI
005 - DATE AND TIME OF LATEST TRANSACTION
control field 20210627110719.0
008 - FIXED-LENGTH DATA ELEMENTS--GENERAL INFORMATION
fixed length control field 120628s1926 enk 001 0 eng
039 #9 - LEVEL OF BIBLIOGRAPHIC CONTROL AND CODING DETAIL [OBSOLETE]
-- 201206281841
-- VLOAD
040 ## - CATALOGING SOURCE
Original cataloging agency NLI
Language of cataloging eng
Transcribing agency Datasoft_IMP
Description conventions AACR2
041 1# - LANGUAGE CODE
Language code of text/sound track or separate title eng
Language code of original grc
044 ## - COUNTRY OF PUBLISHING/PRODUCING ENTITY CODE
MARC country code enk
084 ## - OTHER CLASSIFICATION NUMBER
Classification number 156
100 0# - MAIN ENTRY--PERSONAL NAME
Personal name Epicurus
9 (RLIN) 799754
240 10 - UNIFORM TITLE
Uniform title Works .
Date of a work 1926.
Language of a work English & Greek
245 10 - TITLE STATEMENT
Title Epicurus, the extant remains /
Statement of responsibility, etc. translated by Cyril Bailey
260 ## - PUBLICATION, DISTRIBUTION, ETC.
Place of publication, distribution, etc. Oxford :
Name of publisher, distributor, etc. Clarendon Press,
Date of publication, distribution, etc. 1926
300 ## - PHYSICAL DESCRIPTION
Extent 432 p. :
Other physical details front. ;
Dimensions 23 cm.
500 ## - GENERAL NOTE
General note English and Greek
500 ## - GENERAL NOTE
General note Includes index
500 ## - GENERAL NOTE
General note Translation of: Works
650 #0 - SUBJECT ADDED ENTRY--TOPICAL TERM
Topical term or geographic name entry element Latin literature
700 1# - ADDED ENTRY--PERSONAL NAME
Personal name Bailey, Cyril,
Dates associated with a name 1871-1957,
Relationship trl
9 (RLIN) 865467
887 ## - NON-MARC INFORMATION FIELD
Content of non-MARC field
901 ## - LOCAL DATA ELEMENT A, LDA (RLIN)
a IMP105943
b 23.12.2010
902 ## - LOCAL DATA ELEMENT B, LDB (RLIN)
a 156 H 399
942 ## - ADDED ENTRY ELEMENTS (KOHA)
Source of classification or shelving scheme Dewey Decimal Classification
Koha item type Books
Holdings
Withdrawn status Lost status Damaged status Not for loan Home library Current library Date acquired Total Checkouts Full call number Date last seen Price effective from Koha item type
        National Library of India National Library of India     156 H 399 27/06/2021 27/06/2021 Books
                                                                           
web counter

Copyright ©2020 The National Library of India, Govt. of India ↔ Hosted by NVLI, MOC ↔ Technology and Design by National Library of India, Ministry of Culture, Govt. of India